00525nam a2200169Ia 450000500170000000800410001702000150005808200130007310000160008624500420010226000380014430000120018250000430019494200060023795200970024399900150034020250620012534.0240331s9999 xx 000 0 und d a9559513613 bDECa323 aDe Costa, J 0aManava himikam pilibanda handinveemak aColombobJayatissa De Costac1990 a56 p ., aA book An Introduction to Human Rights cL 001040708LaWERCLbWERCLcSSCd2024-03-31l0o 323.4 DECp3332r2024-03-31w2024-03-31yL c2469d2469